<?xml version="1.0" encoding="UTF-8"?>
<collection xmlns="http://www.loc.gov/MARC21/slim">
    <record>
        <controlfield tag="001">87640</controlfield>
        <controlfield tag="005">20200204153809.0</controlfield>
        <datafield tag="024" ind1="8" ind2=" ">
            <subfield code="2">sideral</subfield>
            <subfield code="a">115438</subfield>
        </datafield>
        <datafield tag="037" ind1=" " ind2=" ">
            <subfield code="a">ART-2017-115438</subfield>
        </datafield>
        <datafield tag="041" ind1=" " ind2=" ">
            <subfield code="a">spa</subfield>
        </datafield>
        <datafield tag="100" ind1=" " ind2=" ">
            <subfield code="0">(orcid)0000-0001-8328-1642</subfield>
            <subfield code="a">Criado Mainar, Jesús</subfield>
            <subfield code="u">Universidad de Zaragoza</subfield>
        </datafield>
        <datafield tag="245" ind1=" " ind2=" ">
            <subfield code="a">Dos ejemplos de patrimonio artístico emigrado del Renacimiento turiasonense</subfield>
        </datafield>
        <datafield tag="260" ind1=" " ind2=" ">
            <subfield code="c">2017</subfield>
        </datafield>
        <datafield tag="506" ind1="0" ind2=" ">
            <subfield code="a">Access copy available to the general public</subfield>
            <subfield code="f">Unrestricted</subfield>
        </datafield>
        <datafield tag="520" ind1="3" ind2=" ">
            <subfield code="a">En este trabajo se publican dos fotografías poco conocidas de otras tantas piezas desaparecidas del Renacimiento turiasonense. La primera corresponde al retablo de San Juan Evangelista de la iglesia de Santa María Magdalena, obra debida al escultor Damián Forment, que lo contrató en 1529. Esta pieza fue enajenada en 1902 y nada se sabe de su actual paradero. La segunda es el sitial que el Justicia tenía en la Sala del Consejo de las Casas de
la Ciudad, que era la sede de su corte judicial. Se hizo al amparo de un acuerdo del consejo municipal en 1569 y fue enajenada en 1920, meses antes de procederse a su subasta en Nueva York, en mayo de 1921. Por entonces la adquirió William R. Hearst, pero su pista se pierde tras ser vendida por segunda vez en 1943. Constituyen otros tantos ejemplos del imparable proceso de desmembración que el patrimonio artístico turiasonense viene
sufriendo desde las décadas finales del siglo XIX.</subfield>
        </datafield>
        <datafield tag="540" ind1=" " ind2=" ">
            <subfield code="9">info:eu-repo/semantics/openAccess</subfield>
            <subfield code="a">by-nc-nd</subfield>
            <subfield code="u">http://creativecommons.org/licenses/by-nc-nd/3.0/es/</subfield>
        </datafield>
        <datafield tag="655" ind1=" " ind2="4">
            <subfield code="a">info:eu-repo/semantics/article</subfield>
            <subfield code="v">info:eu-repo/semantics/publishedVersion</subfield>
        </datafield>
        <datafield tag="710" ind1="2" ind2=" ">
            <subfield code="1">3007</subfield>
            <subfield code="2">465</subfield>
            <subfield code="a">Universidad de Zaragoza</subfield>
            <subfield code="b">Dpto. Historia del Arte</subfield>
            <subfield code="c">Área Historia del Arte</subfield>
        </datafield>
        <datafield tag="773" ind1=" " ind2=" ">
            <subfield code="g">23 (2017), 87-104</subfield>
            <subfield code="p">Turiaso</subfield>
            <subfield code="t">Turiaso</subfield>
            <subfield code="x">0211-7207</subfield>
        </datafield>
        <datafield tag="856" ind1="4" ind2="1">
            <subfield code="u">http://www.ceturiasonenses.org/revista-turiaso_publicaciones_1.html</subfield>
            <subfield code="z">Texto completo de la revista</subfield>
        </datafield>
        <datafield tag="856" ind1="4" ind2=" ">
            <subfield code="s">977909</subfield>
            <subfield code="u">http://zaguan.unizar.es/record/87640/files/texto_completo.pdf</subfield>
            <subfield code="y">Versión publicada</subfield>
        </datafield>
        <datafield tag="856" ind1="4" ind2=" ">
            <subfield code="s">23328</subfield>
            <subfield code="u">http://zaguan.unizar.es/record/87640/files/texto_completo.jpg?subformat=icon</subfield>
            <subfield code="x">icon</subfield>
            <subfield code="y">Versión publicada</subfield>
        </datafield>
        <datafield tag="909" ind1="C" ind2="O">
            <subfield code="o">oai:zaguan.unizar.es:87640</subfield>
            <subfield code="p">articulos</subfield>
            <subfield code="p">driver</subfield>
        </datafield>
        <datafield tag="951" ind1=" " ind2=" ">
            <subfield code="a">2020-02-04-10:23:04</subfield>
        </datafield>
        <datafield tag="980" ind1=" " ind2=" ">
            <subfield code="a">ARTICLE</subfield>
        </datafield>
    </record>

    
</collection>